Villes européennes de A à Z - Statistiques

Statistiques générales
  • Ce quiz a été pris 73 fois
  • Le résultat moyen est 19 sur 26
Statistiques - réponses
Hint Lettre Réponse % Correct
Capitale Finlandaise H Helsinki
98%
Deuxième plus grande ville d'Écosse E Edimbourg
97%
Ultime défaite de Napoléon W Waterloo
97%
Le premier train reliait Liverpool a cette ville M Manchester
95%
Préfecture du Finistère Q Quimper
95%
Célèbre pour le porcès des NAZI N Nuremberg
94%
Contient le siège de Fiat T Turin
89%
Ville des Medicis F Florence
88%
Capitale de la Paëlla V Valence
88%
Un des centres banquier les plus important au monde Z Zurich
86%
François Ferdinand est mort ici S Sarajevo
82%
J'ai accueillit Roosevelt, Staline et Churchill Y Yalta
80%
Capitale moldave C Chisinau
79%
Capitale européene de diamant A Anvers
77%
Elle contient l'Alhambra G Grenade
74%
Contient un "Grand Hotel" B Budapest
73%
Capitale la plus septentrionale R Reykjavik
73%
Quatrième ville Néerlandaise U Utrecht
71%
Contient l'estuaire du Douro P Porto
68%
Ville reliée a Bastogne lors d'un Monument L Liege
62%
Anciennement appelé Christiania O Oslo
56%
Deuxième plus grande ville d'Ukraine K Kharkiv
52%
Ville ayant accueillit les JO d'hivert I Innsbruck
48%
Connu pour son mur jaune D Dortmund
47%
Connue pour ses vignes J Jerez de la Frontera
17%
Située carrefour entre l'Europe et de l'Asie dans la région de la Thrace X Xanthi
11%
Aucun quiz correspondant
Distribution des résultats
% des personnes avec chaque résultat
Percentile par nombre de réponses
Votre historique - résultats
Vous n’avez pas pris ce quiz